| 000 | 005840000a22002050004500 | ||
|---|---|---|---|
| 003 | LK-CoMWRAF | ||
| 005 | 20231027145823.0 | ||
| 008 | 230817t1991 ||||| |||| 00| 0 eng d | ||
| 020 | _a9559052055 | ||
| 040 |
_aLK-CoMWRAF _dLK-CoMWRAF _eLK-CoMWRAF |
||
| 041 | _aeng | ||
| 082 |
_a396.5 _bJAY |
||
| 100 | _aJayaweera, Swarna | ||
| 245 |
_aWomen in the Estate Sector: _bA Situational Analysis |
||
| 260 |
_a[Colombo]: _bCentre for Women's Research, _c1991 |
||
| 300 |
_a55 p. _bBibliography included |
||
| 490 | _aWorking Paper No.01 | ||
| 650 | _aWOMEN-Estate sector | ||
| 942 | _cBK | ||
| 999 |
_c2051 _d2051 |
||